Life beyond planet earth? : man's contacts with space people
| Main Author: | |
|---|---|
| Format: | Book |
| Published: |
London :
Grafton ,
1992
|
| Subjects: |
MARC
| LEADER | 00000cam a2200000 7i4500 | ||
|---|---|---|---|
| 001 | 0000002138 | ||
| 002 | 000002334 | ||
| 005 | 20000330.0 | ||
| 020 | |a 0586208720 | ||
| 090 | 0 | 0 | |a 001.942 |b BOR |
| 100 | 1 | |a Bord, Janet | |
| 245 | 1 | 0 | |a Life beyond planet earth? : |b man's contacts with space people |c Janet and Colin Bord |
| 260 | |a London : |b Grafton , |c 1992 | ||
| 300 | |a 239p | ||
| 650 | 0 | 0 | |a Unidentified flying objects |
| 999 | |a 028218 |b BUKU |c RUJUKAN |e PERPUSTAKAAN KOMUNITI PETALING JAYA | ||